[Event "Madrid-ch Previa A"]
[Site "Madrid"]
[Date "2023.02.06"]
[Round "1.20"]
[White "Menendez Domens, Juan Manuel"]
[Black "Pashov, Spas Nikolov"]
[Result "0-1"]
[WhiteElo "1440"]
[BlackElo "1806"]
[PlyCount "142"]
[EventDate "2023.02.06"]
[EventType "swiss"]
[EventRounds "9"]
[EventCountry "ESP"]
[SourceTitle "EXT 2024"]
[Source "ChessBase"]
[SourceDate "2023.10.10"]
[SourceVersion "1"]
[SourceVersionDate "2023.10.10"]
[SourceQuality "1"]

1. d4 Nf6 2. Nf3 g6 3. e3 Bg7 4. Bd3 c5 5. c3 cxd4 6. exd4 0-0 7. 0-0 b6 8. Re1 Bb7 9. Bg5 d6 10. Nbd2 Nbd7 11. a4 Re8 12. h3 Qc7 13. Qb3 Rac8 14. Re2 d5 15. Rae1 Nf8 16. Bb5 Bc6 17. Bxc6 Qxc6 18. Rxe7 Rxe7 19. Rxe7 N6d7 20. Qb5 Bf6 21. Bxf6 Qxf6 22. Rxd7 Nxd7 23. Qxd7 Qe6 24. Qxa7 h6 25. Ne5 g5 26. Ndf3 Rd8 27. Qc7 Re8 28. Kf1 Kg7 29. Qc6 f6 30. Qd7+ Re7 31. Qxe6 Rxe6 32. Nd3 Kf7 33. Nb4 Rd6 34. Ke2 Ke6 35. g4 Rd8 36. Kd3 h5 37. c4 dxc4+ 38. Kxc4 hxg4 39. hxg4 f5 40. gxf5+ Kxf5 41. Nd5 Rc8+ 42. Kd3 Rb8 43. Ne7+ Ke6 44. Nc6 Rc8 45. Nxg5+ Kf6 46. Ne4+ Ke6 47. Na7 Ra8 48. Nb5 Rxa4 49. Nec3 Ra1 50. b3 Rf1 51. d5+ Ke5 52. Ke2 Rc1 53. f3 Rc2+ 54. Kd3 Rf2 55. Nd4 Rh2 56. Ke3 Rh1 57. Nc6+ Kd6 58. Ke4 Re1+ 59. Ne2 Rxe2+ 60. Kd4 Rd2+ 61. Ke4 Rxd5 62. Nd4 Re5+ 63. Kd3 Kc5 64. Nc2 Rh5 65. f4 Rh3+ 66. Ne3 Kb4 67. f5 Kxb3 68. f6 Rf3 69. Ke4 Rxf6 70. Nd5 Rd6 71. Nc7 Kc4 0-1

[Event "Madrid City-ch Seniors 50"]
[Site "Madrid"]
[Date "2021.04.15"]
[Round "8"]
[White "Vukotic Jovsic, Dragan"]
[Black "Pashov, Spas Nikolov"]
[Result "1/2-1/2"]
[WhiteElo "1873"]
[BlackElo "1777"]
[PlyCount "110"]
[EventDate "2021.04.06"]
[EventType "swiss"]
[EventRounds "9"]
[EventCountry "ESP"]
[SourceTitle "EXT 2022"]
[Source "ChessBase"]
[SourceDate "2021.10.06"]
[SourceVersion "1"]
[SourceVersionDate "2021.10.06"]
[SourceQuality "1"]

1. d4 Nf6 2. Nf3 g6 3. Bf4 Bg7 4. e3 d5 5. Be2 c5 6. c3 cxd4 7. exd4 Bg4 8. Qb3 b6 9. Bb5+ Bd7 10. Ne5 e6 11. Nxd7 Nfxd7 12. Nd2 0-0 13. 0-0 a6 14. Bd3 Nc6 15. Nf3 Qc8 16. Rfe1 Qb7 17. Ne5 Ncxe5 18. Bxe5 Bxe5 19. dxe5 Qc7 20. f4 Rfc8 21. Qd1 Nc5 22. Bc2 b5 23. h4 Qe7 24. Qg4 h5 25. Qh3 Kg7 26. Re3 Nd7 27. Rd1 b4 28. f5 Kh7 29. f6 Qc5 30. Kh2 Nf8 31. Qf3 Kh8 32. Qf4 Nh7 33. Rd4 bxc3 34. bxc3 Rab8 35. Rg3 Rg8 36. Rb4 Rxb4 37. Qxb4 Qxb4 38. cxb4 Rb8 39. Rc3 Nf8 40. a3 Nd7 41. Rc7 Nxe5 42. Kg3 Kg8 43. Kf4 Ng4 44. Kg5 a5 45. bxa5 Ra8 46. Bxg6 fxg6 47. Kxg6 Nxf6 48. Kxf6 Rxa5 49. Kxe6 Rxa3 50. Kxd5 Rg3 51. Ke6 Rxg2 52. Rc5 Kg7 53. Rxh5 Kg6 54. Re5 Rh2 55. Rg5+ Kh6 1/2-1/2

[Event "Madrid City-ch Seniors 50"]
[Site "Madrid"]
[Date "2021.04.09"]
[Round "4"]
[White "Cabanas Bravo, Juan Andres"]
[Black "Pashov, Spas Nikolov"]
[Result "1-0"]
[WhiteElo "1971"]
[BlackElo "1777"]
[PlyCount "53"]
[EventDate "2021.04.06"]
[EventType "swiss"]
[EventRounds "9"]
[EventCountry "ESP"]
[SourceTitle "EXT 2022"]
[Source "ChessBase"]
[SourceDate "2021.10.06"]
[SourceVersion "1"]
[SourceVersionDate "2021.10.06"]
[SourceQuality "1"]

1. e4 e5 2. f4 exf4 3. Nf3 d5 4. exd5 Nf6 5. Nc3 Nxd5 6. Bc4 Be6 7. Qe2 Be7 8. 0-0 Nxc3 9. bxc3 Bxc4 10. Qxc4 0-0 11. Qxf4 c5 12. Rb1 b6 13. Ne5 Bf6 14. d4 Bxe5 15. Qxe5 cxd4 16. Qe4 Nd7 17. cxd4 Rc8 18. Rb3 Nf6 19. Qh4 Nd5 20. Qg4 f6 21. Rh3 Rf7 22. Re1 Qd7 23. Qd1 Qc7 24. Qh5 Ne7 25. Qxh7+ Kf8 26. Qh8+ Ng8 27. Ba3+ 1-0

[Event "Madrid City-ch Seniors 65"]
[Site "Madrid"]
[Date "2021.03.11"]
[Round "4"]
[White "Fernandez Garcia, Ignacio"]
[Black "Pashov, Spas Nikolov"]
[Result "0-1"]
[WhiteElo "1804"]
[BlackElo "1819"]
[PlyCount "96"]
[EventDate "2021.03.08"]
[EventType "swiss"]
[EventRounds "7"]
[EventCountry "ESP"]
[SourceTitle "EXT 2022"]
[Source "ChessBase"]
[SourceDate "2021.10.06"]
[SourceVersion "1"]
[SourceVersionDate "2021.10.06"]
[SourceQuality "1"]

1. e4 e5 2. Nf3 Nc6 3. Nc3 Nf6 4. Bc4 Bc5 5. d3 h6 6. h3 d6 7. Be3 Bb4 8. Bd2 Na5 9. Qe2 Be6 10. g4 g5 11. h4 Nxc4 12. dxc4 Bxc3 13. Bxc3 gxh4 14. Nxh4 Bxg4 15. f3 Be6 16. 0-0-0 Nh5 17. Ng2 Ng3 18. Qe1 Nxh1 19. Qxh1 Qf6 20. f4 0-0-0 21. Qf1 Rdg8 22. f5 Qg5+ 23. Rd2 Bd7 24. Qf2 b6 25. b4 Qg3 26. Kb2 Qxf2 27. Rxf2 Bc6 28. Ne3 Bxe4 29. c5 f6 30. a4 d5 31. Bd2 d4 32. Nc4 Rg2 33. Rxg2 Bxg2 34. cxb6 axb6 35. c3 Be4 36. cxd4 exd4 37. a5 b5 38. Na3 c6 39. Nc2 Bxc2 40. Kxc2 h5 41. Kd3 h4 42. Bf4 h3 43. Bh2 Rh4 44. a6 Rg4 45. Bd6 Rg2 46. Kxd4 h2 47. Bxh2 Rxh2 48. Kc5 Kc7 0-1

[Event "Madrid City-ch Seniors 65"]
[Site "Madrid"]
[Date "2021.03.10"]
[Round "3"]
[White "Pashov, Spas Nikolov"]
[Black "Ghavami, Mahmoud"]
[Result "1-0"]
[WhiteElo "1819"]
[BlackElo "1525"]
[PlyCount "61"]
[EventDate "2021.03.08"]
[EventType "swiss"]
[EventRounds "7"]
[EventCountry "ESP"]
[SourceTitle "EXT 2022"]
[Source "ChessBase"]
[SourceDate "2021.10.06"]
[SourceVersion "1"]
[SourceVersionDate "2021.10.06"]
[SourceQuality "1"]

1. e4 d5 2. exd5 Nf6 3. d4 Bg4 4. Nf3 Nxd5 5. Be2 e6 6. 0-0 Be7 7. c4 Nb6 8. Be3 0-0 9. Nc3 c6 10. Qb3 Qc7 11. Rac1 a5 12. a4 N8d7 13. h3 Bf5 14. Rfd1 Bb4 15. Bd3 Bxd3 16. Rxd3 e5 17. Nxe5 Nxe5 18. dxe5 Rad8 19. Rcd1 Rxd3 20. Rxd3 Nd7 21. f4 Bc5 22. Ne4 Bxe3+ 23. Rxe3 b6 24. Rd3 Kh8 25. Qd1 Rd8 26. b3 Kg8 27. Rd6 Kf8 28. Qh5 h6 29. Qf5 Nb8 30. Qh7 Rxd6 31. exd6 1-0

[Event "Madrid City-ch Seniors 65"]
[Site "Madrid"]
[Date "2021.03.08"]
[Round "1"]
[White "Pashov, Spas Nikolov"]
[Black "Infante Martin, Alonso"]
[Result "1-0"]
[WhiteElo "1819"]
[BlackElo "1389"]
[PlyCount "67"]
[EventDate "2021.03.08"]
[EventType "swiss"]
[EventRounds "7"]
[EventCountry "ESP"]
[SourceTitle "EXT 2022"]
[Source "ChessBase"]
[SourceDate "2021.10.06"]
[SourceVersion "1"]
[SourceVersionDate "2021.10.06"]
[SourceQuality "1"]

1. e4 e5 2. Nf3 Nc6 3. c3 Nf6 4. d4 Be7 5. d5 Nb8 6. Nxe5 d6 7. Bb5+ Nbd7 8. Nxd7 Bxd7 9. Bd3 c6 10. 0-0 cxd5 11. exd5 Nxd5 12. Be4 Nf6 13. Bxb7 Rb8 14. Bf3 0-0 15. b3 Be6 16. Bf4 Qd7 17. c4 Bg4 18. Nc3 h6 19. Re1 Bxf3 20. Qxf3 Rbd8 21. Rad1 g5 22. Bxd6 g4 23. Bxe7 Qxe7 24. Rxe7 gxf3 25. Rxd8 Rxd8 26. gxf3 Rd3 27. Re3 Rd7 28. Kf1 Kf8 29. Ke2 Nh5 30. Nd5 Ng7 31. Kd3 Ne6 32. Kc3 a5 33. a3 f5 34. Rxe6 1-0

[Event "Madrid-ch Previa-A"]
[Site "Madrid"]
[Date "2021.02.23"]
[Round "8"]
[White "Pashov, Spas Nikolov"]
[Black "Torres Rebolledo, Alvaro"]
[Result "1/2-1/2"]
[WhiteElo "1819"]
[BlackElo "1251"]
[PlyCount "73"]
[EventDate "2021.02.08"]
[EventType "swiss"]
[EventRounds "9"]
[EventCountry "ESP"]
[SourceTitle "EXT 2022"]
[Source "ChessBase"]
[SourceDate "2021.10.06"]
[SourceVersion "1"]
[SourceVersionDate "2021.10.06"]
[SourceQuality "1"]

1. e4 e5 2. Nf3 Nc6 3. c3 Nf6 4. d4 exd4 5. e5 Nd5 6. cxd4 Bb4+ 7. Bd2 Bxd2+ 8. Nbxd2 d6 9. Bb5 Bd7 10. exd6 cxd6 11. 0-0 0-0 12. h3 Nf4 13. Ne4 d5 14. Nc5 Ne6 15. Nxd7 Qxd7 16. Qa4 a6 17. Ne5 axb5 18. Qxa8 Nxe5 19. Qa3 Nc4 20. Qc3 Nf4 21. Rfe1 Rc8 22. Rac1 Qf5 23. Qf3 g6 24. b3 Nd3 25. Qxf5 gxf5 26. bxc4 Nxc1 27. Rxc1 Rxc4 28. Rb1 b4 29. Rd1 Kg7 30. Rd2 Rc1+ 31. Kh2 f4 32. g4 Rc3 33. Kg2 Kf6 34. h4 h6 35. Rb2 Rc4 36. Rd2 Rc3 37. Rb2 1/2-1/2

[Event "Madrid-ch Previa-A"]
[Site "Madrid"]
[Date "2021.02.22"]
[Round "7"]
[White "Martinez Miura, Enrique"]
[Black "Pashov, Spas Nikolov"]
[Result "0-1"]
[WhiteElo "1571"]
[BlackElo "1819"]
[PlyCount "120"]
[EventDate "2021.02.08"]
[EventType "swiss"]
[EventRounds "9"]
[EventCountry "ESP"]
[SourceTitle "EXT 2022"]
[Source "ChessBase"]
[SourceDate "2021.10.06"]
[SourceVersion "1"]
[SourceVersionDate "2021.10.06"]
[SourceQuality "1"]

1. e4 e5 2. Nf3 Nc6 3. Bb5 f5 4. d3 fxe4 5. dxe4 Nf6 6. Bxc6 bxc6 7. 0-0 d6 8. Re1 Bg4 9. h3 Bxf3 10. Qxf3 Be7 11. c4 0-0 12. Qe2 Qe8 13. Be3 Nxe4 14. Bxa7 Rxa7 15. Qxe4 Rf4 16. Qe3 Qa8 17. Nc3 Rxc4 18. Kh1 Rb7 19. b3 Rf4 20. Ne2 Rf7 21. Nc3 Rb4 22. Ne4 Qa6 23. a3 Rd4 24. Ng5 Rd3 25. Qc1 Rxf2 26. Ne4 Rf4 27. a4 Rxb3 28. Qc2 Rb4 29. a5 h6 30. g3 Rf8 31. Qa2+ Kh8 32. Qe6 Bd8 33. Nxd6 cxd6 34. Qxd6 Be7 35. Qxe7 Rfb8 36. Qxe5 R4b5 37. Qd6 Qa8 38. Red1 c5+ 39. Qd5 Rxa5 40. Rxa5 Qxa5 41. Rc1 Rc8 42. Qb7 Qd8 43. Qe4 Qc7 44. Kh2 c4 45. Rc3 Qc5 46. Kg2 Rf8 47. Rf3 c3 48. Rxf8+ Qxf8 49. Qc4 Qf6 50. Qc8+ Kh7 51. Qc4 Qe5 52. Qd3+ Kg8 53. Qd8+ Kf7 54. Qd7+ Kf6 55. Qd8+ Kf5 56. Qf8+ Ke4 57. Qf3+ Kd4 58. Qd1+ Kc5 59. Qg1+ Qd4 60. Qc1 Qd2+ 0-1

[Event "Madrid-ch Previa-A"]
[Site "Madrid"]
[Date "2021.02.10"]
[Round "3"]
[White "Pena Gutierrez, Jacobo"]
[Black "Pashov, Spas Nikolov"]
[Result "1/2-1/2"]
[WhiteElo "1151"]
[BlackElo "1819"]
[PlyCount "53"]
[EventDate "2021.02.08"]
[EventType "swiss"]
[EventRounds "9"]
[EventCountry "ESP"]
[SourceTitle "EXT 2022"]
[Source "ChessBase"]
[SourceDate "2021.10.06"]
[SourceVersion "1"]
[SourceVersionDate "2021.10.06"]
[SourceQuality "1"]

1. d4 Nf6 2. c4 g6 3. Nc3 d5 4. Bf4 Bg7 5. e3 0-0 6. Nf3 c5 7. h3 cxd4 8. exd4 Nc6 9. Be2 a6 10. 0-0 dxc4 11. Bxc4 b5 12. Be2 e6 13. Qd2 Bb7 14. Rad1 Qa5 15. a3 Rfd8 16. Be3 Rd7 17. Qc2 Nd5 18. Nxd5 Rxd5 19. Rd2 Rad8 20. Rfd1 R8d7 21. Qc3 Qxc3 22. bxc3 e5 23. dxe5 Rxd2 24. Rxd2 Rxd2 25. Bxd2 Nxe5 26. Nxe5 Bxe5 27. c4 1/2-1/2

[Event "Madrid-ch Seniors 65"]
[Site "Madrid"]
[Date "2020.08.29"]
[Round "6"]
[White "Casares Ripoll, Fernando"]
[Black "Pashov, Spas Nikolov"]
[Result "1-0"]
[WhiteElo "2103"]
[BlackElo "1808"]
[PlyCount "37"]
[EventDate "2020.03.09"]
[EventType "swiss"]
[EventRounds "8"]
[EventCountry "ESP"]
[SourceTitle "EXT 2021"]
[Source "ChessBase"]
[SourceDate "2020.10.23"]
[SourceVersion "1"]
[SourceVersionDate "2020.10.23"]
[SourceQuality "1"]

1. e4 e5 2. Nf3 Nc6 3. Bb5 f5 4. Nc3 fxe4 5. Nxe4 Nge7 6. d4 d5 7. Ng3 e4 8. Ne5 Bd7 9. Nxd7 Qxd7 10. c3 g6 11. 0-0 Bg7 12. f3 exf3 13. Rxf3 0-0-0 14. Rf7 Rhg8 15. Bxc6 bxc6 16. Bg5 Bf8 17. Qa4 h6 18. Qxa7 Qe6 19. Bf4 1-0

[Event "Madrid-ch Seniors 65"]
[Site "Madrid"]
[Date "2020.03.09"]
[Round "1"]
[White "Ramos Antona, Enrique"]
[Black "Pashov, Spas Nikolov"]
[Result "0-1"]
[WhiteElo "1453"]
[BlackElo "1808"]
[PlyCount "95"]
[EventDate "2020.03.09"]
[EventType "swiss"]
[EventRounds "8"]
[EventCountry "ESP"]
[SourceTitle "EXT 2021"]
[Source "ChessBase"]
[SourceDate "2020.10.23"]
[SourceVersion "1"]
[SourceVersionDate "2020.10.23"]
[SourceQuality "1"]

1. d4 Nf6 2. c4 g6 3. g3 Bg7 4. Bg2 d5 5. Nc3 c6 6. Nf3 0-0 7. 0-0 Bf5 8. Qb3 b6 9. Bg5 Be4 10. Bxf6 Bxf6 11. e3 Nd7 12. cxd5 cxd5 13. Nb5 e6 14. Rfd1 a6 15. Nc3 Bxf3 16. Bxf3 b5 17. e4 dxe4 18. Nxe4 Ra7 19. Nxf6+ Nxf6 20. a4 bxa4 21. Rxa4 a5 22. Qd3 Qb6 23. b3 Rd8 24. Qe3 Nd5 25. Bxd5 Rxd5 26. Rc4 Rad7 27. Rdc1 Rd8 28. Rc8 Qxd4 29. Qxd4 Rxd4 30. Rxd8+ Rxd8 31. Rc2 Kg7 32. Kf1 Kf6 33. Ke2 h6 34. Rc3 Ke5 35. Rc5+ Rd5 36. Rc3 h5 37. h4 f6 38. Re3+ Kd6 39. f3 Re5 40. f4 Rxe3+ 41. Kxe3 Kd5 42. Kd3 Kc5 43. Kc3 e5 44. fxe5 fxe5 45. Kd3 Kd5 46. Ke3 e4 47. Kf4 Kd4 48. Kg5 0-1

[Event "Madrid-ch Previa-A"]
[Site "Madrid"]
[Date "2020.02.12"]
[Round "6"]
[White "Pashov, Spas Nikolov"]
[Black "Hernandez Garcia, Carlos"]
[Result "0-1"]
[WhiteElo "1837"]
[BlackElo "1679"]
[PlyCount "106"]
[EventDate "2020.02.03"]
[EventType "swiss"]
[EventRounds "9"]
[EventCountry "ESP"]
[SourceTitle "EXT 2021"]
[Source "ChessBase"]
[SourceDate "2020.10.23"]
[SourceVersion "1"]
[SourceVersionDate "2020.10.23"]
[SourceQuality "1"]

1. e4 c5 2. Nf3 d6 3. d4 cxd4 4. Nxd4 Nf6 5. Nc3 a6 6. Be2 e5 7. Nb3 Be7 8. 0-0 Be6 9. f4 Qc7 10. f5 Bc4 11. Be3 0-0 12. Bxc4 Qxc4 13. Qf3 Nbd7 14. Rfe1 b5 15. a3 a5 16. Nd2 Qc6 17. Rec1 b4 18. Nd5 Nxd5 19. exd5 Qb7 20. c4 bxc3 21. bxc3 Nf6 22. c4 a4 23. Rab1 Qd7 24. Rb5 Rfb8 25. Rcb1 Qc8 26. h3 Rxb5 27. Rxb5 Bd8 28. Bb6 Bxb6+ 29. Rxb6 Qc5+ 30. Qf2 Qxa3 31. Nb1 Qc5 32. Qxc5 dxc5 33. Kf2 Kf8 34. Na3 Nd7 35. Rb7 Ke8 36. g4 f6 37. h4 Kd8 38. g5 Rb8 39. Ra7 Rb2+ 40. Ke1 Rb4 41. Kd2 fxg5 42. hxg5 h5 43. f6 g6 44. f7 Nf8 45. d6 Rb8 46. Re7 Rc8 47. Rxe5 Kd7 48. Nb5 Ne6 49. Re3 Rf8 50. Ra3 Nxg5 51. Rxa4 Rxf7 52. Ra7+ Ke6 53. Rxf7 Nxf7 0-1

[Event "Madrid-ch Previa-A"]
[Site "Madrid"]
[Date "2020.02.11"]
[Round "5"]
[White "Maseda Iglesias, Luis"]
[Black "Pashov, Spas Nikolov"]
[Result "1/2-1/2"]
[WhiteElo "1735"]
[BlackElo "1837"]
[PlyCount "57"]
[EventDate "2020.02.03"]
[EventType "swiss"]
[EventRounds "9"]
[EventCountry "ESP"]
[SourceTitle "EXT 2021"]
[Source "ChessBase"]
[SourceDate "2020.10.23"]
[SourceVersion "1"]
[SourceVersionDate "2020.10.23"]
[SourceQuality "1"]

1. d4 Nf6 2. Nf3 g6 3. Nc3 d5 4. Bf4 Bg7 5. e3 0-0 6. Be2 c5 7. Ne5 cxd4 8. exd4 e6 9. h4 Nc6 10. Nxc6 bxc6 11. Be5 h5 12. Qd2 Kh7 13. Qg5 Nd7 14. Qxd8 Rxd8 15. Bxg7 Kxg7 16. f4 c5 17. dxc5 Nxc5 18. b4 d4 19. Rd1 Na6 20. Bf3 Rb8 21. a3 Bb7 22. Ne4 Rbc8 23. Rd2 d3 24. cxd3 Rc1+ 25. Bd1 Ra1 26. b5 Bxe4 27. dxe4 Rxd2 28. Kxd2 Nc5 29. Re1 1/2-1/2

[Event "Madrid-ch Seniors 50"]
[Site "Madrid"]
[Date "2020.01.13"]
[Round "1"]
[White "Nevado Munoz, Rafael"]
[Black "Pashov, Spas Nikolov"]
[Result "1-0"]
[WhiteElo "1467"]
[BlackElo "1847"]
[PlyCount "121"]
[EventDate "2020.01.13"]
[EventType "swiss"]
[EventRounds "9"]
[EventCountry "ESP"]
[SourceTitle "CBM 194 Extra"]
[Source "ChessBase"]
[SourceDate "2020.03.31"]
[SourceVersion "1"]
[SourceVersionDate "2020.03.31"]
[SourceQuality "1"]

1. d4 Nf6 2. c4 g6 3. Nc3 d5 4. e3 Bg7 5. Nf3 0-0 6. Qc2 b6 7. Be2 dxc4 8. Bxc4 Ba6 9. b3 c5 10. dxc5 Bxc4 11. bxc4 bxc5 12. 0-0 Nc6 13. a3 Rb8 14. Rb1 Rxb1 15. Nxb1 Qb6 16. Nc3 Na5 17. Na4 Qc7 18. Bd2 Rb8 19. Rd1 e6 20. Be1 Ne8 21. Rd3 Bf8 22. Bxa5 Qxa5 23. Nd2 Rd8 24. Rxd8 Qxd8 25. Nc3 Qa5 26. Ncb1 Nd6 27. Kf1 Bg7 28. Ke2 h6 29. Qd3 Qb6 30. Qc2 Qa5 31. f3 Nf5 32. Qd3 Qc7 33. g3 h5 34. Nf1 Bf6 35. Nbd2 Kg7 36. Ne4 Be7 37. f4 f6 38. h3 Qc6 39. Kf2 h4 40. g4 Nd6 41. Nfd2 f5 42. Nxd6 Qxd6 43. Qxd6 Bxd6 44. Kf3 e5 45. g5 Kf7 46. Nb3 Ke6 47. a4 Kd7 48. fxe5 Bxe5 49. Nxc5+ Kd6 50. Nd3 Bh2 51. e4 Bg1 52. exf5 gxf5 53. Kf4 Ke6 54. c5 Bh2+ 55. Kf3 Kd5 56. Nf4+ Ke5 57. Ng6+ Kd5 58. Nxh4 Kxc5 59. Nxf5 Kd5 60. Kg4 Ke6 61. Nd4+ 1-0

[Event "Madrid-ch Seniors 65 1718"]
[Site "Madrid"]
[Date "2018.01.29"]
[Round "6"]
[White "Martinez Rubio, Felipe"]
[Black "Pashov, Spas Nikolov"]
[Result "1/2-1/2"]
[WhiteElo "1754"]
[BlackElo "1844"]
[PlyCount "96"]
[EventDate "2018.01.22"]
[EventType "swiss"]
[EventRounds "7"]
[EventCountry "ESP"]
[SourceTitle "EXT 2020"]
[Source "ChessBase"]
[SourceDate "2019.10.17"]
[SourceVersion "1"]
[SourceVersionDate "2019.10.17"]
[SourceQuality "1"]

1. d4 Nf6 2. Bg5 e6 3. Nf3 d5 4. Nbd2 Be7 5. e3 0-0 6. Bd3 b6 7. Qe2 a5 8. Ne5 c5 9. c3 c4 10. Bc2 b5 11. Qf3 Ra6 12. Qh3 g6 13. Bh6 Re8 14. 0-0 Nfd7 15. f4 f5 16. Ndf3 Nf6 17. Ng5 Nbd7 18. Ngf7 Qc7 19. Bd1 Nxe5 20. Nxe5 Ne4 21. Bf3 Bb7 22. Bxe4 dxe4 23. Qg3 Bf8 24. Bxf8 Rxf8 25. h4 Bc6 26. h5 Be8 27. hxg6 hxg6 28. Nxg6 Qg7 29. Ne7+ Kf7 30. Qxg7+ Kxg7 31. d5 Kf6 32. Nc6 Bxc6 33. dxc6 Rxc6 34. Rad1 Ke7 35. Rf2 Rd6 36. Rxd6 Kxd6 37. Rd2+ Kc7 38. g3 Rd8 39. Rxd8 Kxd8 40. Kf2 Ke7 41. g4 fxg4 42. Kg3 Kf6 43. Kxg4 Kg6 44. Kh4 Kh6 45. Kg4 Kg6 46. Kh4 Kf5 47. a3 Kf6 48. Kg4 Kg6 1/2-1/2

[Event "Madrid-ch sf"]
[Site "Madrid"]
[Date "2017.04.05"]
[Round "8"]
[White "Pashov, Spas Nikolov"]
[Black "Anton Quevedo, Andrea"]
[Result "0-1"]
[WhiteElo "1867"]
[BlackElo "1849"]
[PlyCount "90"]
[EventDate "2017.03.27"]
[EventType "swiss"]
[EventRounds "9"]
[EventCountry "ESP"]
[SourceTitle "CBM 177 Extra"]
[Source "ChessBase"]
[SourceDate "2017.04.27"]
[SourceVersion "1"]
[SourceVersionDate "2017.04.27"]
[SourceQuality "1"]

1. e4 c5 2. Nf3 e6 3. d4 cxd4 4. Nxd4 Nc6 5. Be3 Qc7 6. Bd3 Nf6 7. 0-0 a6 8. c4 Bd6 9. h3 b6 10. Nc3 Bb7 11. b3 0-0 12. Rc1 Ne5 13. Qe2 Ng6 14. Qd2 Bb4 15. f3 Nh5 16. Qf2 Nhf4 17. Rfd1 Qe5 18. Bf1 Nh5 19. Na4 f5 20. exf5 exf5 21. Nc2 Bd6 22. Rxd6 Qxd6 23. Nxb6 Rad8 24. Bc5 Qf4 25. Rd1 Rf7 26. Nd4 Qe5 27. b4 Nhf4 28. g3 Nh5 29. f4 Qc7 30. Bg2 Nf6 31. Bxb7 Qxb7 32. Nxf5 Ne4 33. Nd6 Nxd6 34. Bxd6 Ne7 35. a3 Nf5 36. c5 Qe4 37. Be5 h6 38. g4 Ne7 39. Rxd7 Rxd7 40. Nxd7 Qd3 41. Qf1 Qxd7 42. Qxa6 Qd1+ 43. Kg2 Nd5 44. Qd6 Qe2+ 45. Kg3 Ne3 0-1

[Event "Madrid-ch sf"]
[Site "Madrid"]
[Date "2017.03.31"]
[Round "5"]
[White "Kejo, Janne"]
[Black "Pashov, Spas Nikolov"]
[Result "0-1"]
[WhiteElo "2026"]
[BlackElo "1867"]
[PlyCount "138"]
[EventDate "2017.03.27"]
[EventType "swiss"]
[EventRounds "9"]
[EventCountry "ESP"]
[SourceTitle "CBM 177 Extra"]
[Source "ChessBase"]
[SourceDate "2017.04.27"]
[SourceVersion "1"]
[SourceVersionDate "2017.04.27"]
[SourceQuality "1"]

1. e4 e5 2. Nf3 Nc6 3. Bb5 f5 4. d3 fxe4 5. dxe4 Nf6 6. 0-0 d6 7. Nfd2 Be6 8. f3 Be7 9. Nc3 0-0 10. Bc4 Qd7 11. Bxe6+ Qxe6 12. Ne2 Nh5 13. Nb3 Qg6 14. c3 Bg5 15. Bxg5 Qxg5 16. Qd2 Qh4 17. Qe1 Qg5 18. Qc1 Qg6 19. Nd2 Rf7 20. b4 Nf4 21. Nxf4 exf4 22. a4 a5 23. Qb1 b6 24. Qb3 Qf6 25. Qd5 Qxc3 26. Nb3 Ra7 27. Rac1 Qe3+ 28. Kh1 Nxb4 29. Qe6 Nd3 30. Rc2 g6 31. h4 Kg7 32. Qd5 Nb4 33. Qd4+ Qxd4 34. Nxd4 Nxc2 35. Nxc2 Rd7 36. Rd1 Kf6 37. Na3 Rb7 38. Nc4 Ke6 39. g3 Rf7 40. Kg2 h6 41. gxf4 Rxf4 42. Kg3 g5 43. hxg5 hxg5 44. Rd5 Kf6 45. Ne3 Rh4 46. Ng4+ Kg6 47. f4 Rh5 48. f5+ Kf7 49. e5 dxe5 50. Nxe5+ Ke7 51. Kg4 Rh1 52. Kxg5 Rg1+ 53. Ng4 c6 54. Re5+ Kf7 55. Re6 b5 56. Rf6+ Ke7 57. Rh6 Rc7 58. Re6+ Kf7 59. Rf6+ Kg8 60. Kf4 Rxg4+ 61. Kxg4 b4 62. Kf4 c5 63. Ke3 c4 64. Kd2 c3+ 65. Kc1 Rc5 66. Rg6+ Kf7 67. Rg1 Kf6 68. Kc2 Rxf5 69. Rg2 Rd5 0-1

[Event "Madrid-ch Previa-A"]
[Site "Madrid"]
[Date "2017.02.14"]
[Round "5"]
[White "Pashov, Spas Nikolov"]
[Black "Martinez Carrasco, Jesus"]
[Result "1-0"]
[WhiteElo "1853"]
[BlackElo "1618"]
[PlyCount "57"]
[EventDate "2017.02.06"]
[EventType "swiss"]
[EventRounds "9"]
[EventCountry "ESP"]
[SourceTitle "CBM 177 Extra"]
[Source "ChessBase"]
[SourceDate "2017.04.27"]
[SourceVersion "1"]
[SourceVersionDate "2017.04.27"]
[SourceQuality "1"]

1. e4 c5 2. Nf3 d6 3. d4 cxd4 4. Nxd4 Nf6 5. Nc3 a6 6. Be2 Nc6 7. Be3 Qc7 8. 0-0 e6 9. a4 Bd7 10. Nb3 b6 11. f4 Be7 12. Qe1 0-0 13. Qf2 Bd8 14. Rfd1 Nb4 15. Bf3 Bc6 16. a5 bxa5 17. Nxa5 d5 18. Bc5 Be7 19. Bxe7 Qxe7 20. Nxc6 Nxc6 21. exd5 exd5 22. Nxd5 Nxd5 23. Bxd5 Qf6 24. c4 Rfc8 25. b4 Rab8 26. Rxa6 Rxb4 27. Rxc6 Rxc6 28. Bxc6 Rxc4 29. Qe2 1-0

[Event "Madrid-ch Seniors 50"]
[Site "Madrid"]
[Date "2017.01.13"]
[Round "5"]
[White "Calderon Martin, Antonio"]
[Black "Pashov, Spas Nikolov"]
[Result "0-1"]
[WhiteElo "1699"]
[BlackElo "1870"]
[PlyCount "53"]
[EventDate "2017.01.09"]
[EventType "swiss"]
[EventRounds "9"]
[EventCountry "ESP"]
[SourceTitle "CBM 176 Extra"]
[Source "ChessBase"]
[SourceDate "2017.03.02"]
[SourceVersion "1"]
[SourceVersionDate "2017.03.02"]
[SourceQuality "1"]

1. e4 e5 2. Nf3 Nc6 3. Bb5 f5 4. d3 fxe4 5. dxe4 Nf6 6. 0-0 d6 7. Nc3 Be7 8. h3 0-0 9. Bc4+ Kh8 10. Ng5 Qe8 11. Ne6 Bxe6 12. Bxe6 Nd4 13. Bb3 a6 14. Be3 Nxb3 15. axb3 Rc8 16. Qd3 Qg6 17. Nd5 Bd8 18. Nxf6 Rxf6 19. b4 c6 20. c3 h6 21. f4 exf4 22. Bxf4 d5 23. Rae1 Bb6+ 24. Kh1 Re8 25. Qg3 Qxg3 26. Bxg3 dxe4 27. Bf4 0-1

[Event "Madrid-ch sf-A"]
[Site "Madrid"]
[Date "2016.03.28"]
[Round "7"]
[White "Pashov, Spas Nikolov"]
[Black "Perez Cameselle, Francisco Jose"]
[Result "1-0"]
[WhiteElo "1834"]
[BlackElo "1868"]
[PlyCount "143"]
[EventDate "2016.03.07"]
[EventType "swiss"]
[EventRounds "9"]
[EventCountry "ESP"]
[SourceTitle "EXT 2017"]
[Source "ChessBase"]
[SourceDate "2016.10.25"]
[SourceVersion "1"]
[SourceVersionDate "2016.10.25"]
[SourceQuality "1"]

1. e4 c5 2. Nf3 Nc6 3. d4 cxd4 4. Nxd4 g6 5. Nc3 Bg7 6. Be3 Nf6 7. Be2 0-0 8. 0-0 d5 9. exd5 Nxd5 10. Nxd5 Qxd5 11. Bf3 Qc4 12. Nxc6 bxc6 13. c3 Bf5 14. Qb3 Qa6 15. a4 Rab8 16. Qa3 e5 17. Rac1 e4 18. Bd1 Be6 19. b3 Rfd8 20. Bc5 Qb7 21. Re1 Qd7 22. c4 f5 23. Be7 Re8 24. Bd6 Rbd8 25. Bc5 a6 26. Be2 Qd2 27. Be3 Qb2 28. Qxb2 Bxb2 29. Rc2 Bd4 30. b4 Bxe3 31. fxe3 a5 32. Rb2 axb4 33. Rxb4 Rb8 34. Reb1 Rxb4 35. Rxb4 Rd8 36. Rb2 Ra8 37. Ra2 Ra5 38. Kf1 Kf7 39. Ke1 Ke7 40. Ra3 Kd6 41. Kd2 Kc5 42. Kc3 g5 43. g3 h6 44. Ra1 Ra7 45. a5 Bc8 46. Bh5 Be6 47. Bg6 Rd7 48. a6 Ra7 49. Ra5+ Kb6 50. Re5 Bc8 51. Bxf5 Bxf5 52. Rxf5 Rxa6 53. Kd4 Ra2 54. h4 gxh4 55. gxh4 Rg2 56. Rf6 h5 57. Rf5 c5+ 58. Kxe4 Rg4+ 59. Rf4 Rg1 60. Rf6+ Kc7 61. Kd5 Rg4 62. Rf4 Rg3 63. e4 Rg7 64. Kxc5 Re7 65. Kd5 Rd7+ 66. Ke5 Kc6 67. Kf5 Re7 68. e5 Kc5 69. Kf6 Rh7 70. Re4 Rh6+ 71. Kf5 Kc6 72. e6 1-0